00968 a2200193 45000010006000000050017000060080041000230030015000640400040000790800034001192450061001530200018002142640076002323000019003085050378003270410008007051000036007137000025007495892420260407155843.0260407a1984 arg spa dAR-UNSa-BCEJYS aAR-UNSa-BCEJYSbspacAR-UNSa-BCEJYS a338.53xPolítica de precios10aTécnicas para la determinación de precios públicos a84-7351-172-7 1aMadrid :bInstituto Nacional de Administración Pública (INAP)c1984 a344 p.c19 cm. a1. Concepto de precio público - 2. Concepto, propiedades y existencia del monopolio natural - 3. Precios óptimos - 4. Precios según el coste incremental - 5. Precios libres de subsidios y precios sostenibles - 6. Revisión de precios - 7. Revisión de precios(II): Fórmulas de revisión de precios puros - 8. Otros problemas de fijación de precios públicos.  aspa1 aOcaña Perez de Tudela, Carlos1 aSalas Fumas, Vicente